Advances in rockfill structures / (Record no. 550641)

000 -LEADER
fixed length control field 00925pam a2200217 a 4500
020 ## - INTERNATIONAL STANDARD BOOK NUMBER
International Standard Book Number 0792312678 (U.S. : alk. paper)
082 00 - DEWEY DECIMAL CLASSIFICATION NUMBER
Classification number 624.1832
Author Mark ADV
-- L-37, P-25
245 10 - TITLE STATEMENT
Title Advances in rockfill structures /
Statement of responsibility, etc. edited by E. Maranha das Neves.
260 ## - PUBLICATION, DISTRIBUTION, ETC.
Place of publication, distribution, etc. Dordrecht ;
-- Boston :
Name of publisher, distributor, etc. Kluwer Academic,
Date of publication, distribution, etc. c1991.
300 ## - PHYSICAL DESCRIPTION
Extent xxviii, 664 p. :
Other physical details ill. ;
Dimensions 25 cm.
490 1# - SERIES STATEMENT
Series statement NATO ASI series. Series E, Applied sciences ;
500 ## - GENERAL NOTE
General note "Based on the NATO Advanced Study Institute on Advances in Rockfill Structures, Lisbon, Portugal, 18-29 June 1990"--T.p. verso.
500 ## - GENERAL NOTE
General note "Published in cooperation with NATO Scientific Affairs Division."
526 ## - STUDY PROGRAM INFORMATION NOTE
Program name 0
Interest level 0
Reading level 0
Title point value 624_183200000000000_ADV
650 #0 - SUBJECT ADDED ENTRY--TOPICAL TERM
Topical term or geographic name entry element Earth dams
General subdivision Congresses.
9 (RLIN) 47373
650 #0 - SUBJECT ADDED ENTRY--TOPICAL TERM
Topical term or geographic name entry element MCE
9 (RLIN) 379
650 #0 - SUBJECT ADDED ENTRY--TOPICAL TERM
Topical term or geographic name entry element Rockfills
General subdivision Congresses.
9 (RLIN) 47374
700 1# - ADDED ENTRY--PERSONAL NAME
Personal name Neves, E. Maranha das
9 (RLIN) 47375
710 2# - ADDED ENTRY--CORPORATE NAME
Corporate name or jurisdiction name as entry element North Atlantic Treaty Organization.
9 (RLIN) 42905
942 ## - ADDED ENTRY ELEMENTS (KOHA)
Source of classification or shelving scheme
Koha item type Book
Holdings
Withdrawn status Lost status Source of classification or shelving scheme Damaged status Not for loan Permanent Location Current Location Date acquired Total Checkouts Full call number Barcode Date last seen Price effective from Koha item type
          Military College of Engineering (MCE) Military College of Engineering (MCE) 11/18/2014   624.1832 ADV MCE-28718 11/18/2014 11/18/2014 Book
© 2023 Central Library, National University of Sciences and Technology. All Rights Reserved.